Evaluación financiera de proyectos de inversión / (Registro nro. 8292)
[ vista simple ]
| 000 -LEADER | |
|---|---|
| fixed length control field | 03047nam a2200313Ia 4500 |
| 003 - CONTROL NUMBER IDENTIFIER | |
| control field | OSt |
| 005 - DATE AND TIME OF LATEST TRANSACTION | |
| control field | 20210810123328.0 |
| 008 - FIXED-LENGTH DATA ELEMENTS--GENERAL INFORMATION | |
| fixed length control field | 210310s1998 ck gr 000 0dspa d |
| 020 ## - INTERNATIONAL STANDARD BOOK NUMBER | |
| International Standard Book Number | 9589057950 |
| 040 ## - CATALOGING SOURCE | |
| Original cataloging agency | CO-JMCR |
| Transcribing agency | CO-JMCR |
| 041 0# - LANGUAGE CODE | |
| Language code of text/sound track or separate title | spa |
| 082 04 - DEWEY DECIMAL CLASSIFICATION NUMBER | |
| Classification number | 332.6 / |
| Item number | M716e |
| Edition number | 23 |
| 100 1# - MAIN ENTRY--PERSONAL NAME | |
| Personal name | Mokate, Karen Marie, |
| 9 (RLIN) | 16863 |
| Relator term | autora |
| 245 10 - TITLE STATEMENT | |
| Title | Evaluación financiera de proyectos de inversión / |
| Statement of responsibility, etc. | Karen Marie Mokate ; con la colaboración de Adriana Cuervo de Forero y Hernán Eduardo Vallejo |
| 250 ## - EDITION STATEMENT | |
| Edition statement | Primera edición |
| 260 ## - PUBLICATION, DISTRIBUTION, ETC. | |
| Place of publication, distribution, etc. | Bogotá : |
| Name of publisher, distributor, etc. | Universidad de los Andes, |
| Date of publication, distribution, etc. | 1998 |
| 300 ## - PHYSICAL DESCRIPTION | |
| Extent | xiv, 298 páginas ; |
| Dimensions | 24 cm. |
| 490 0# - SERIES STATEMENT | |
| Series statement | Biblio Clase |
| 500 ## - GENERAL NOTE | |
| General note | Incluye notas a pie de página y datos biográficos de la autora. |
| 504 ## - BIBLIOGRAPHY, ETC. NOTE | |
| Bibliography, etc. note | Bibliografía: páginas 297-298 |
| 505 0# - FORMATTED CONTENTS NOTE | |
| Formatted contents note | El proyecto de inversión y el ciclo del proyecto -- El flujo de fondos financiero -- Las equivalencias financieras -- La tasa de interés de oportunidad y el descuento intertemporal -- Los criterios para la toma de decisión -- Ordenamiento de proyectos -- La evaluación financiera en un escenario inflacionario -- Cambios en los precios relativos -- La devaluación y la tasa de cambio en la evaluación financiera -- Ejercicios finales evaluación financiera |
| 520 3# - SUMMARY, ETC. | |
| Summary, etc. | La evaluación financiera juega un papel fundamental en el proceso decisorio de un proyecto porque permite analizar la rentabilidad financiera del mismo. Además, es una herramienta útil para el análisis de estrategias de recuperación de costos y de financiamiento, para el establecimiento de tarifas y subsidios y para el análisis de la sostenibilidad financiera.<br/>El texto parte de una amplia discusión del papel de la evaluación en el ciclo del proyecto y de los diversos costos e ingresos que deben incorporarse en la evaluación. Presenta varios criterios para la medición de la rentabilidad y discute el uso de estos para la comparación de diversas alternativas de inversión.<br/>La presentación y la aplicación de técnicas prácticas de evaluación de proyectos con una discusión sobre la teoría, le brindan solidez al libro. Así, resulta útil no sólo al estudiante que profundiza sobre la evaluación por primera vez, sino también al profesional <br/>que requiere de una referencia sobre el tema.<br/>COLECCION BIBLIOCLASE Esta colección agrupa aquellos textos que, producto de la experiencia docente de profesores de la Universidad de los Andes, se han constituido en material imprescindible para la clase.<br/>Las cualidades de la colección -precio, presentación y excelente contenido- permiten al estudiante conformar una biblioteca de textos que se consolidan como fundamentales y que hacen un aporte importante a su área de conocimiento. |
| 650 14 - SUBJECT ADDED ENTRY--TOPICAL TERM | |
| Topical term or geographic name entry element | Evaluación de proyectos de inversión |
| 9 (RLIN) | 16865 |
| 650 24 - SUBJECT ADDED ENTRY--TOPICAL TERM | |
| Topical term or geographic name entry element | Proyectos de desarrollo |
| 9 (RLIN) | 4149 |
| 650 ## - SUBJECT ADDED ENTRY--TOPICAL TERM | |
| Topical term or geographic name entry element | Matemáticas financieras |
| 9 (RLIN) | 10647 |
| 700 1# - ADDED ENTRY--PERSONAL NAME | |
| Personal name | Cuervo de Forero, Adriana, |
| Relator term | colaboradora |
| 9 (RLIN) | 39226 |
| 700 1# - ADDED ENTRY--PERSONAL NAME | |
| Personal name | Vallejo, Hernán Eduardo, |
| Relator term | colaborador |
| 9 (RLIN) | 39227 |
| 942 ## - ADDED ENTRY ELEMENTS (KOHA) | |
| Source of classification or shelving scheme | Dewey Decimal Classification |
| Koha item type | Books |
| Withdrawn status | Lost status | Source of classification or shelving scheme | Damaged status | Not for loan | Collection code | Home library | Current library | Date acquired | Source of acquisition | Total Checkouts | Full call number | Barcode | Date last seen | Date last checked out | Copy number | Koha item type |
|---|---|---|---|---|---|---|---|---|---|---|---|---|---|---|---|---|
| Dewey Decimal Classification | Non-fiction | Biblioteca Pública José María del Castillo y Rada | Biblioteca Pública José María del Castillo y Rada | 04/15/2018 | Donación | 1 | 332.6 / M716e | 430002837 | 07/09/2024 | 07/08/2024 | Ej.1 | Books |